000 00603nam a22001817a 4500
005 20171113142201.0
010 _aENG-121320
020 _a9788123770710
_c85.00
035 _aEN-104852
037 _bDBAD/PUB
082 _a181.499
100 _aSen, Sandipan.
245 _aSwami Vivekananda :
_bthe eternal inspiration for the youth /
_cby Sandipan Sen
260 _aNew Delhi
_bNational Book Trust
_c2014
270 _aNehru Bhawan, 5 Institutional Area, Phase-II, Vasant Kunj,
_bNew Delhi
_e110070
300 _ax, 56 p. :
_c22 cm (Pbk)
_bill.
942 _2ddc
_cEN
_h181.499
_mSEN
999 _c147361
_d147361